Energetická náročnosť pri vŕtaní naftových a plynových vrtov. /

Salvato in:
Dettagli Bibliografici
Autore principale: Lovás, Jozef (Autore)
Natura: Manoscritto Libro
Pubblicazione: Bratislava : SVŠT v Bratislave SjF, 1986
Tags: Aggiungi Tag
Nessun Tag, puoi essere il primo ad aggiungerne!!

MARC

LEADER 00000ntm a22000003a 4500
001 stu47872
005 20150617225710.4
008 ------s1986----cs----------------------d
040 |a STU  |b slo 
041 0
044 |a cs 
080 |a 622.24 
080 |a 622.323/324 
100 1 |a Lovás, Jozef  |4 aut 
245 1 |a Energetická náročnosť pri vŕtaní naftových a plynových vrtov. /  |c [aut.] Lovás,Jozef 
260 |a Bratislava :  |b SVŠT v Bratislave SjF,  |c 1986 
300 |a 118 s 
996 |b J78364  |c J*78364/DIZ.  |l JJSK  |s A  |a 24  |w stu47872_0001